接壤所在地级行政区内所有其他县级行政区的县级行政区 - Statistics

General Stats
  • This quiz has been taken 8 times
    2 since last reset
  • The average score is 16 of 121
Answer Stats
省级行政区 地级行政区 县级行政区 % Correct
山西省 阳泉市 郊区
100%
安徽省 铜陵市 郊区
100%
山西省 晋城市 泽州县
50%
山西省 朔州市 山阴县
50%
黑龙江省 七台河市 新兴区
50%
浙江省 湖州市 吴兴区
50%
江西省 新余市 分宜县
50%
山东省 日照市 东港区
50%
山东省 日照市 莒县
50%
河南省 开封市 祥符区
50%
河南省 许昌市 建安区
50%
湖北省 鄂州市 梁子湖区
50%
湖北省 鄂州市 鄂城区
50%
湖北省 随州市 曾都区
50%
湖北省 随州市 随县
50%
湖北省 随州市 广水市
50%
湖南省 湘潭市 湘潭县
50%
湖南省 张家界市 永定区
50%
湖南省 张家界市 武陵源区
50%
湖南省 张家界市 慈利县
50%
湖南省 张家界市 桑植县
50%
湖南省 娄底市 涟源市
50%
广东省 汕尾市 海丰县
50%
广东省 揭阳市 普宁市
50%
广西壮族自治区 防城港市 防城区
50%
四川省 巴中市 巴州区
50%
四川省 资阳市 雁江区
50%
甘肃省 武威市 凉州区
50%
青海省 西宁市 湟中区
50%
宁夏回族自治区 中卫市 中宁县
50%
内蒙古自治区 乌海市 海勃湾区
0%
内蒙古自治区 乌海市 海南区
0%
内蒙古自治区 乌海市 乌达区
0%
内蒙古自治区 兴安盟 科尔沁右翼前旗
0%
内蒙古自治区 阿拉善盟 阿拉善右旗
0%
辽宁省 丹东市 振安区
0%
辽宁省 阜新市 阜新蒙古族自治县
0%
辽宁省 盘锦市 兴隆台区
0%
辽宁省 盘锦市 盘山县
0%
吉林省 辽源市 东辽县
0%
吉林省 白城市 大安市
0%
黑龙江省 七台河市 桃山区
0%
黑龙江省 七台河市 茄子河区
0%
黑龙江省 七台河市 勃利县
0%
黑龙江省 大兴安岭地区 漠河市
0%
黑龙江省 大兴安岭地区 呼玛县
0%
黑龙江省 大兴安岭地区 塔河县
0%
江苏省 镇江市 丹徒区
0%
江苏省 宿迁市 泗阳县
0%
安徽省 蚌埠市 淮上区
0%
安徽省 淮北市 相山区
0%
安徽省 淮北市 烈山区
0%
安徽省 黄山市 休宁县
0%
安徽省 亳州市 涡阳县
0%
安徽省 池州市 贵池区
0%
安徽省 池州市 石台县
0%
福建省 莆田市 城厢区
0%
江西省 景德镇市 昌江区
0%
江西省 景德镇市 浮梁县
0%
江西省 萍乡市 湘东区
0%
江西省 萍乡市 芦溪县
0%
江西省 新余市 渝水区
0%
江西省 鹰潭市 月湖区
0%
江西省 鹰潭市 余江区
0%
江西省 鹰潭市 贵溪市
0%
山东省 威海市 文登区
0%
河南省 鹤壁市 淇滨区
0%
河南省 漯河市 郾城区
0%
湖北省 鄂州市 华容区
0%
湖北省 荆门市 钟祥市
0%
广东省 珠海市 香洲区
0%
广东省 珠海市 斗门区
0%
广东省 珠海市 金湾区
0%
广东省 佛山市 南海区
0%
广东省 茂名市 高州市
0%
广东省 河源市 东源县
0%
广东省 阳江市 江城区
0%
广东省 阳江市 阳春市
0%
广东省 潮州市 湘桥区
0%
广东省 潮州市 潮安区
0%
广东省 潮州市 饶平县
0%
广东省 云浮市 云安区
0%
广西壮族自治区 北海市 银海区
0%
广西壮族自治区 北海市 合浦县
0%
广西壮族自治区 钦州市 灵山县
0%
广西壮族自治区 贺州市 平桂区
0%
海南省 海口市 龙华区
0%
四川省 德阳市 旌阳区
0%
四川省 遂宁市 大英县
0%
四川省 资阳市 安岳县
0%
四川省 资阳市 乐至县
0%
贵州省 六盘水市 水城区
0%
云南省 保山市 隆阳区
0%
云南省 丽江市 宁蒗彝族自治县
0%
云南省 西双版纳傣族自治州 景洪市
0%
云南省 德宏傣族景颇族自治州 陇川县
0%
云南省 怒江傈僳族自治州 福贡县
0%
云南省 迪庆藏族自治州 香格里拉市
0%
云南省 迪庆藏族自治州 德钦县
0%
云南省 迪庆藏族自治州 维西傈僳族自治县
0%
陕西省 铜川市 印台区
0%
甘肃省 金昌市 金川区
0%
甘肃省 金昌市 永昌县
0%
甘肃省 白银市 靖远县
0%
甘肃省 张掖市 肃南裕固族自治县
0%
青海省 海北藏族自治州 祁连县
0%
青海省 海南藏族自治州 贵南县
0%
青海省 果洛藏族自治州 达日县
0%
青海省 玉树藏族自治州 玉树市
0%
宁夏回族自治区 石嘴山市 大武口区
0%
宁夏回族自治区 石嘴山市 惠农区
0%
宁夏回族自治区 石嘴山市 平罗县
0%
宁夏回族自治区 吴忠市 红寺堡区
0%
宁夏回族自治区 固原市 原州区
0%
宁夏回族自治区 中卫市 沙坡头区
0%
宁夏回族自治区 中卫市 海原县
0%
新疆维吾尔自治区 吐鲁番市 高昌区
0%
新疆维吾尔自治区 哈密市 伊州区
0%
新疆维吾尔自治区 哈密市 巴里坤哈萨克自治县
0%
新疆维吾尔自治区 哈密市 伊吾县
0%
新疆维吾尔自治区 博尔塔拉蒙古自治州 博乐市
0%
No matching quizzes found
Score Distribution
Percent of People with Each Score
Percentile by Number Answered
Your Score History
You have not taken this quiz since the last reset